[Event "MCRE_CF15"]
[Site "?"]
[Date "2007.??.??"]
[Round "1"]
[White "Berko, Michal"]
[Black "Cernovsky, Karel"]
[Result "0-1"]
[WhiteElo "2045"]
[BlackElo "1600"]
[PlyCount "80"]
[EventDate "2007.??.??"]
[SourceDate "2007.05.01"]

1. d4 Nf6 2. Nf3 d5 3. Bf4 c5 4. e3 Nc6 5. dxc5 e6 6. Bd3 Bxc5 7. Nc3 O-O 8.
O-O Bd6 9. Bxd6 Qxd6 10. e4 d4 11. Nb5 Qc5 12. c3 dxc3 13. Rc1 e5 14. Nxc3 Bg4
15. h3 Bh5 16. g4 Bg6 17. g5 Nh5 18. Nd5 Qd6 19. Re1 Rad8 20. Bc4 Kh8 21. Nh4
Nd4 22. Qg4 f6 23. gxf6 gxf6 24. Kh2 f5 25. exf5 Bf7 26. Ne3 Rg8 27. Qe4 Nf6
28. Qxb7 e4+ 29. Kh1 Bxc4 30. Rxc4 Qf4 31. Neg2 Qxf2 32. Qe7 Rdf8 33. Qc5 Rg3
34. Qxf8+ Ng8 35. Qa3 Rxa3 36. bxa3 Nf6 37. Rc3 Nf3 38. Nxf3 exf3 39. Rc8+ Kg7
40. Rg1 Ng4 0-1

[Event "MCRE_CF15"]
[Site "?"]
[Date "2007.??.??"]
[Round "1"]
[White "Berko, Michal"]
[Black "Koehler, Josef"]
[Result "1-0"]
[WhiteElo "2045"]
[BlackElo "2176"]
[PlyCount "93"]
[EventDate "2007.??.??"]
[SourceDate "2007.05.01"]

1. Nf3 Nf6 2. g3 d5 3. Bg2 c6 4. O-O Bg4 5. d3 e6 6. Nbd2 Nbd7 7. h3 Bh5 8. Re1
Bd6 9. e4 O-O 10. g4 Bg6 11. e5 Bc7 12. exf6 Qxf6 13. Nf1 e5 14. Ng3 Rfe8 15.
g5 Qe6 16. Nh4 Ba5 17. c3 Bb6 18. d4 Qd6 19. Ngf5 Qe6 20. Qg4 Kh8 21. Be3 Bxf5
22. Nxf5 f6 23. a4 g6 24. Nh6 exd4 25. cxd4 Ba5 26. Re2 fxg5 27. Qf3 Qf6 28.
Bxg5 Qxf3 29. Bxf3 Rxe2 30. Bxe2 Rf8 31. Ra3 Bb4 32. Rb3 a5 33. Ng4 Kg8 34. Kf1
Kf7 35. Ne5+ Nxe5 36. dxe5 Ke6 37. f4 Kd7 38. Bg4+ Kc7 39. h4 Re8 40. Ke2 Be7
41. Rh3 Kd8 42. Kd3 h5 43. Bxe7+ Kxe7 44. Be2 Kf7 45. Kd4 Rf8 46. Rg3 Kg7 47.
Ke3 1-0

[Event "MCRE_CF15"]
[Site "?"]
[Date "2007.??.??"]
[Round "1"]
[White "Berko, Michal"]
[Black "Nigrin, Jiri"]
[Result "0-1"]
[WhiteElo "2045"]
[BlackElo "2002"]
[PlyCount "60"]
[EventDate "2007.??.??"]
[SourceDate "2007.05.01"]

1. e4 c5 2. Nf3 d6 3. d4 cxd4 4. Nxd4 Nf6 5. Nc3 a6 6. Bg5 e6 7. f4 Qb6 8. Qd2
Qxb2 9. Rb1 Qa3 10. e5 dxe5 11. fxe5 h6 12. Bh4 g5 13. Bf2 Ng4 14. Bg3 Nd7 15.
Be2 Ngxe5 16. O-O Bg7 17. Rb3 Qa5 18. Qe3 O-O 19. Be1 b5 20. Nb1 Qc7 21. Bg3
Bb7 22. a4 bxa4 23. Rb4 a5 24. Rb2 Bd5 25. Nc3 Nc4 26. Bxc4 Qxc4 27. Rd1 Nf6
28. Bd6 Rfd8 29. Ncb5 Ng4 30. Qg3 Rxd6 0-1

[Event "MCRE_CF15"]
[Site "?"]
[Date "2007.??.??"]
[Round "2"]
[White "Berko, Michal"]
[Black "Pirhala, Ladislav"]
[Result "0-1"]
[WhiteElo "2045"]
[BlackElo "2120"]
[PlyCount "44"]
[EventDate "2007.??.??"]
[SourceDate "2007.05.01"]

1. Nf3 Nf6 2. c4 e6 3. e3 d5 4. d4 dxc4 5. Bxc4 c5 6. O-O a6 7. a4 Nc6 8. Nc3
Be7 9. dxc5 Qxd1 10. Rxd1 Bxc5 11. b3 b6 12. Nd2 Bb4 13. Nce4 Nxe4 14. Nxe4 Ke7
15. f3 Bb7 16. Bb2 f6 17. Rab1 Rhd8 18. Bd3 f5 19. Nf2 Bc5 20. e4 Nb4 21. exf5
Nxd3 22. Rxd3 Rxd3 0-1

[Event "MCRE_CF15"]
[Site "?"]
[Date "2007.??.??"]
[Round "2"]
[White "Berko, Michal"]
[Black "Stika, Vaclav"]
[Result "1/2-1/2"]
[WhiteElo "2045"]
[BlackElo "2150"]
[PlyCount "60"]
[EventDate "2007.??.??"]
[SourceDate "2007.05.01"]

1. d4 Nf6 2. c4 e6 3. Nf3 b6 4. g3 Ba6 5. Qc2 c5 6. d5 exd5 7. cxd5 Bb7 8. Bg2
Nxd5 9. O-O Nf6 10. e4 Nc6 11. Nc3 Nb4 12. Qe2 Be7 13. a3 Ba6 14. Nb5 Nc6 15.
e5 Bxb5 16. Qxb5 Nd5 17. Qd3 Nc7 18. Bd2 O-O 19. Bc3 Ne6 20. Rad1 Qe8 21. Bh3
Rd8 22. Rfe1 d5 23. exd6 Rxd6 24. Qc4 Ncd4 25. Nxd4 cxd4 26. Bb4 Rc6 27. Qd5
Bc5 28. Bd2 Rc7 29. Qe4 Qc6 30. Qd3 Re8 1/2-1/2

[Event "MCRE_CF15"]
[Site "?"]
[Date "2007.??.??"]
[Round "1"]
[White "Berko, Michal"]
[Black "Volf, Michal"]
[Result "1/2-1/2"]
[WhiteElo "2045"]
[BlackElo "1893"]
[PlyCount "71"]
[EventDate "2007.??.??"]
[SourceDate "2007.05.01"]

1. Nf3 Nf6 2. d4 e6 3. Bg5 d5 4. Nbd2 Be7 5. e3 O-O 6. Bd3 Nbd7 7. c3 c5 8. O-O
b6 9. Ne5 Bb7 10. Nxd7 Nxd7 11. Qh5 f5 12. Nf3 Bxg5 13. Nxg5 Nf6 14. Qh4 Qd6
15. Qf4 Rad8 16. Nf3 a6 17. Rfd1 c4 18. Bc2 b5 19. a3 a5 20. Rdb1 h6 21. Qh4 b4
22. Ne5 b3 23. Bd1 Nd7 24. f4 Nxe5 25. fxe5 Qd7 26. Bh5 Rc8 27. Be2 Qd8 28. Qh3
Rf7 29. Bh5 Rf8 30. Rf1 Qe7 31. Be2 Bc6 32. Rf4 Be8 33. Raf1 Bf7 34. Rh4 Qg5
35. Rf3 Kh7 36. Rf2 1/2-1/2

[Event "MCRE_CF15"]
[Site "?"]
[Date "2007.??.??"]
[Round "2"]
[White "Cernovsky, Karel"]
[Black "Berko, Michal"]
[Result "1-0"]
[WhiteElo "1600"]
[BlackElo "2045"]
[PlyCount "77"]
[EventDate "2007.??.??"]
[SourceDate "2007.05.01"]

1. e4 e5 2. Nf3 Nf6 3. Nxe5 d6 4. Nf3 Nxe4 5. d4 d5 6. Bd3 Nc6 7. O-O Be7 8.
Re1 Bg4 9. c3 f5 10. Qb3 O-O 11. Nbd2 a6 12. Nxe4 Na5 13. Nf6+ Rxf6 14. Qd1 Nc4
15. Bxc4 dxc4 16. b3 b5 17. bxc4 bxc4 18. Bg5 Rf7 19. Bxe7 Rxe7 20. Qa4 Bxf3
21. gxf3 h6 22. Qxc4+ Kh8 23. Kf1 Kh7 24. Rxe7 Qxe7 25. Re1 Qd6 26. Re5 Rb8 27.
Qf7 Rf8 28. Qe6 f4 29. a4 Kh8 30. Qd5 Rb8 31. Qe4 Qa3 32. Qc6 Qd6 33. Re6 Qd8
34. Qe4 a5 35. Re5 Qh4 36. Kg2 Rc8 37. Qf5 Ra8 38. Rxa5 Rb8 39. Ra6 1-0

[Event "MCRE_CF15"]
[Site "?"]
[Date "2007.??.??"]
[Round "2"]
[White "Cernovsky, Karel"]
[Black "Koehler, Josef"]
[Result "1-0"]
[WhiteElo "1600"]
[BlackElo "2176"]
[PlyCount "109"]
[EventDate "2007.??.??"]
[SourceDate "2007.05.01"]

1. e4 c6 2. d4 d5 3. e5 Bf5 4. Nf3 e6 5. Be2 Nd7 6. O-O Ne7 7. Nh4 c5 8. Bg5
Be4 9. Nc3 cxd4 10. Nxe4 dxe4 11. Qxd4 Nc6 12. Qe3 Bc5 13. Qf4 Qc7 14. Qxe4 h6
15. Be3 Qxe5 16. Qxe5 Ncxe5 17. Bxc5 Nxc5 18. f4 Nc6 19. f5 O-O 20. fxe6 fxe6
21. Nf3 Rad8 22. a3 a5 23. Rad1 a4 24. h4 e5 25. Bc4+ Kh7 26. Rd5 b6 27. h5 e4
28. Nh4 Rxf1+ 29. Kxf1 Rxd5 30. Bxd5 Ne7 31. Bf7 Nc6 32. Nf5 Ne5 33. Be8 g6 34.
hxg6+ Nxg6 35. Kf2 Ne5 36. Ke3 Ng4+ 37. Kf4 Nf6 38. Bc6 Kg6 39. Nd6 Ne6+ 40.
Ke3 Nc5 41. Bxe4+ Kg5 42. Bc6 h5 43. Kd4 Kf4 44. Nc8 Ne6+ 45. Kc3 b5 46. Bxb5
Nd5+ 47. Kd2 Nc5 48. Bc6 Ke5 49. Ke2 Kd4 50. Bxd5 Kxd5 51. Kf3 Ke5 52. Nb6 Kf5
53. Kg3 Kg5 54. Kh3 Kf4 55. Kh4 1-0

[Event "MCRE_CF15"]
[Site "?"]
[Date "2007.??.??"]
[Round "2"]
[White "Cernovsky, Karel"]
[Black "Nigrin, Jiri"]
[Result "1/2-1/2"]
[WhiteElo "1600"]
[BlackElo "2002"]
[PlyCount "148"]
[EventDate "2007.??.??"]
[SourceDate "2007.05.01"]

1. e4 c5 2. Nf3 d6 3. d4 cxd4 4. Nxd4 Nf6 5. Nc3 a6 6. Be3 e5 7. Nb3 Be6 8. Nd5
Nbd7 9. Qd3 Nxd5 10. exd5 Bg4 11. f3 Bh5 12. Qd2 Be7 13. Bd3 Qc7 14. O-O O-O
15. Bf5 Nf6 16. Qd3 b5 17. Nd2 Bg6 18. Bxg6 hxg6 19. c4 Qb7 20. b3 Bd8 21. f4
Ng4 22. Kh1 Re8 23. Bg1 exf4 24. Rxf4 Ne5 25. Qg3 bxc4 26. bxc4 Rc8 27. Rd1 Ba5
28. Ne4 Nxc4 29. Ng5 f6 30. Ne6 Ne5 31. Qa3 Qb5 32. Qe3 Re7 33. a4 Qb2 34. Rh4
Rc3 35. Qe1 Rb7 36. Qf1 g5 37. Rhd4 Rc2 38. Re4 Rd2 39. Rd4 Rc2 40. Re4 Rd2 41.
Rd4 Rxd1 42. Rxd1 Qc2 43. Nd4 Qc4 44. Qf5 Re7 45. Ne6 Re8 46. Qb1 Qb4 47. Qc2
Rb8 48. Nd4 Qc4 49. Qxc4 Nxc4 50. Nc6 Rb3 51. Nxa5 Nxa5 52. Rc1 Rd3 53. Rc8+
Kf7 54. Rc7+ Kg6 55. Ra7 Rxd5 56. Rxa6 f5 57. h3 f4 58. Rb6 Rd1 59. Rb4 Ra1 60.
Rd4 Nb7 61. Kh2 Ra2 62. Kh1 Kh5 63. Re4 Nd8 64. Re7 Rxa4 65. Rd7 Nc6 66. Rxd6
Ne7 67. Re6 Nf5 68. Bf2 Ra2 69. Kg1 g4 70. hxg4+ Kxg4 71. Kf1 g5 72. Re5 Ra3
73. Kg1 Ne3 74. Kh2 Kh5 1/2-1/2

[Event "MCRE_CF15"]
[Site "?"]
[Date "2007.??.??"]
[Round "2"]
[White "Cernovsky, Karel"]
[Black "Pirhala, Ladislav"]
[Result "0-1"]
[WhiteElo "1600"]
[BlackElo "2120"]
[PlyCount "88"]
[EventDate "2007.??.??"]
[SourceDate "2007.05.01"]

1. e4 c5 2. Nf3 d6 3. d4 cxd4 4. Nxd4 Nf6 5. Nc3 a6 6. Be3 e5 7. Nb3 Be6 8. Qd2
Be7 9. f4 exf4 10. Bxf4 O-O 11. O-O-O Ne8 12. Be2 Nc6 13. Kb1 Rc8 14. g4 Bf6
15. g5 Bxc3 16. Qxc3 Qe7 17. Rhf1 b5 18. h4 Ne5 19. Qe3 g6 20. Qd2 Qc7 21. h5
Ng7 22. h6 Ne8 23. Nd4 Bc4 24. b3 Bxe2 25. Nxe2 Nd7 26. Bxd6 Nxd6 27. Qxd6 Qxd6
28. Rxd6 Nc5 29. Nc3 Nxb3 30. Nxb5 Nc5 31. Nc3 Rfe8 32. Re1 Re5 33. Nd5 f5 34.
gxf6 Nxe4 35. Rxe4 Rxe4 36. Ne7+ Rxe7 37. fxe7 Re8 38. Rxa6 Rxe7 39. a4 Kf7 40.
Kb2 g5 41. Rd6 Ra7 42. Kb3 Rb7+ 43. Ka3 Ke7 44. a5 Kxd6 0-1

[Event "MCRE_CF15"]
[Site "?"]
[Date "2007.??.??"]
[Round "2"]
[White "Cernovsky, Karel"]
[Black "Stika, Vaclav"]
[Result "1-0"]
[WhiteElo "1600"]
[BlackElo "2150"]
[PlyCount "29"]
[EventDate "2007.??.??"]
[SourceDate "2007.05.01"]

1. e4 e5 2. Nf3 Nc6 3. Bb5 Nf6 4. O-O Nxe4 5. d4 Nd6 6. Bxc6 dxc6 7. dxe5 Nf5
8. Qxd8+ Kxd8 9. Nc3 h6 10. Rd1+ Ke8 11. b3 Bb4 12. Ne4 Be6 13. c4 b5 14. cxb5
Bd2 15. Bxd2 1-0

[Event "MCRE_CF15"]
[Site "?"]
[Date "2007.??.??"]
[Round "2"]
[White "Cernovsky, Karel"]
[Black "Volf, Michal"]
[Result "1-0"]
[WhiteElo "1600"]
[BlackElo "1893"]
[PlyCount "117"]
[EventDate "2007.??.??"]
[SourceDate "2007.05.01"]

1. e4 e5 2. Nf3 Nf6 3. Nxe5 d6 4. Nf3 Nxe4 5. d4 d5 6. Bd3 Be7 7. O-O O-O 8.
Re1 Nc6 9. c3 Bf5 10. Qc2 Qd7 11. Nbd2 Nxd2 12. Bxf5 Nxf3+ 13. gxf3 Qd8 14.
Bxh7+ Kh8 15. Bf5 Bd6 16. f4 g6 17. Bh3 Kg7 18. Qb3 Rh8 19. Bg2 Qh4 20. h3 Ne7
21. Qxb7 a5 22. Qb5 c6 23. Qe2 Nf5 24. Qg4 Qf6 25. Qg5 a4 26. Bd2 Rab8 27. Rab1
Bc7 28. Qxf6+ Kxf6 29. c4 Ne7 30. cxd5 cxd5 31. b4 axb3 32. axb3 Nf5 33. b4
Rhd8 34. b5 Bb6 35. Re5 Nxd4 36. Rb2 Rd6 37. Bb4 Rd7 38. Rxd5 Rxd5 39. Bxd5 Rc8
40. Kg2 Nxb5 41. Bd2 Rc5 42. Bf3 Bc7 43. Be3 Rf5 44. Be4 Rh5 45. Bc6 Nd6 46.
Bd4+ Ke7 47. Re2+ Kf8 48. Be5 Nc4 49. Bc3 Nd6 50. Bb4 Kg8 51. Re7 Nb5 52. Bxb5
Rxb5 53. Bc3 Bd6 54. Re8+ Bf8 55. Bf6 Rb7 56. h4 Rd7 57. Kg3 Rd3+ 58. f3 Rd7
59. f5 1-0

[Event "MCRE_CF15"]
[Site "?"]
[Date "2007.??.??"]
[Round "1"]
[White "Koehler, Josef"]
[Black "Berko, Michal"]
[Result "1/2-1/2"]
[WhiteElo "2176"]
[BlackElo "2045"]
[PlyCount "98"]
[EventDate "2007.??.??"]
[SourceDate "2007.05.01"]

1. Nf3 c5 2. g3 Nc6 3. Bg2 Nf6 4. O-O d5 5. c4 e5 6. Qa4 Bd6 7. Ng5 O-O 8. cxd5
Nd4 9. Qd1 h6 10. Nf3 Bg4 11. Nxd4 cxd4 12. h3 Bf5 13. d3 Qd7 14. Kh2 Rfe8 15.
e4 dxe3 16. Bxe3 e4 17. dxe4 Bxe4 18. Nc3 Bxg2 19. Kxg2 Be5 20. Qf3 b5 21. a3
Bxc3 22. bxc3 Rac8 23. Bxh6 Ne4 24. Bf4 Qxd5 25. Rfd1 Qb3 26. Rd3 Rxc3 27. Rxc3
Qxc3 28. Qxc3 Nxc3 29. Be3 a6 30. Rc1 Nd5 31. Bd4 Kh7 32. Rc5 Rd8 33. Kf3 Rd7
34. Ke4 Nb6 35. Rc6 Nc4 36. Rxa6 f5+ 37. Kd3 Nb2+ 38. Kc2 Rxd4 39. Kxb2 Rd2+
40. Kc3 Rxf2 41. g4 Rf3+ 42. Kd4 g6 43. Rb6 Kh6 44. gxf5 Rxf5 45. Kc3 Rf3+ 46.
Kb4 Rxh3 47. Rxb5 g5 48. Rb8 Kg7 49. Rd8 g4 1/2-1/2

[Event "MCRE_CF15"]
[Site "?"]
[Date "2007.??.??"]
[Round "1"]
[White "Koehler, Josef"]
[Black "Nigrin, Jiri"]
[Result "0-1"]
[WhiteElo "2176"]
[BlackElo "2002"]
[PlyCount "82"]
[EventDate "2007.??.??"]
[SourceDate "2007.05.01"]

1. Nf3 d5 2. g3 c6 3. Bg2 Nd7 4. O-O Ngf6 5. d4 e6 6. c4 Bd6 7. Qc2 O-O 8. Nbd2
Re8 9. Re1 e5 10. cxd5 cxd5 11. dxe5 Nxe5 12. Nxe5 Rxe5 13. Nf3 Re8 14. Bg5 h6
15. Bd2 Bg4 16. Bc3 Rc8 17. Qb3 b6 18. h3 Be6 19. Nd4 Bd7 20. Red1 Be5 21. e3
Rc5 22. Bb4 Rc4 23. Nf3 Bb8 24. Bc3 Qc8 25. Bxf6 Ba4 26. Qd3 Bxd1 27. Rxd1 gxf6
28. Nh4 Rc1 29. Bxd5 Qc2 30. Kg2 Qxd3 31. Rxd3 Kf8 32. Nf5 Rd8 33. Nxh6 Rc2 34.
Nf5 Rxb2 35. Rc3 Rb5 36. e4 Be5 37. Ra3 a5 38. f4 Bd6 39. Re3 Rb2+ 40. Kf3 Bb4
41. Re1 Bxe1 0-1

[Event "MCRE_CF15"]
[Site "?"]
[Date "2007.??.??"]
[Round "1"]
[White "Koehler, Josef"]
[Black "Pirhala, Ladislav"]
[Result "0-1"]
[WhiteElo "2176"]
[BlackElo "2120"]
[PlyCount "180"]
[EventDate "2007.??.??"]
[SourceDate "2007.05.01"]

1. Nf3 Nf6 2. g3 d5 3. Bg2 c6 4. O-O Bg4 5. c4 Nbd7 6. d3 e6 7. cxd5 Nxd5 8.
Nbd2 Be7 9. h3 Bh5 10. Qc2 O-O 11. a3 f5 12. Nd4 Bf7 13. e4 fxe4 14. dxe4 N5b6
15. f4 a5 16. N2f3 c5 17. Ne2 a4 18. Be3 e5 19. fxe5 Nc4 20. Bf4 g5 21. Bc1 Be6
22. Rd1 Rxf3 23. Bxf3 Ncxe5 24. Qc3 Bxh3 25. Bf4 Nxf3+ 26. Qxf3 Be6 27. Be5 Qb6
28. Bc3 Rf8 29. Qh5 Qc6 30. Re1 Bf7 31. Qh3 Re8 32. Rad1 Nf6 33. Qh6 Bg6 34.
Qxg5 Nxe4 35. Qg4 Ng5 36. Rf1 h5 37. Qd7 Be4 38. Qxc6 Bxc6 39. Nf4 Nf3+ 40. Kf2
Ng5 41. Rfe1 Ne4+ 42. Kg1 Nxc3 43. bxc3 c4 44. Nxh5 Bc5+ 45. Kf1 Rf8+ 46. Nf4
Bxa3 47. Rd2 Rf5 48. Kf2 Bc5+ 49. Ke2 Be7 50. Kd1 Bf6 51. Rc2 a3 52. Kd2 Kf7
53. Ra2 Ra5 54. Rea1 Be7 55. Rf1 Kg8 56. Re1 Bd6 57. Re6 Bf8 58. Kc1 Kf7 59.
Kb1 Rb5+ 60. Ka1 Rb3 61. Rf2 Bg7 62. Re3 Kg8 63. Rc2 Bd4 64. cxd4 Rxe3 65. Rxc4
Rxg3 66. d5 Bd7 67. Rc7 Bf5 68. Rxb7 Kf8 69. Ne2 Rd3 70. Nf4 Rg3 71. Ka2 Be4
72. Rc7 Rf3 73. Rc4 Rxf4 74. Kxa3 Ke7 75. Kb4 Kd6 76. Kc3 Kxd5 77. Rd4+ Ke5 78.
Rd8 Rf1 79. Rd2 Rc1+ 80. Kb4 Bd5 81. Rd3 Kd6 82. Rd4 Rb1+ 83. Kc3 Ke5 84. Rb4
Rc1+ 85. Kd3 Ra1 86. Rb2 Ra3+ 87. Ke2 Bc4+ 88. Ke1 Re3+ 89. Kf2 Kf4 90. Rb4
Re2+ 0-1

[Event "MCRE_CF15"]
[Site "?"]
[Date "2007.??.??"]
[Round "1"]
[White "Koehler, Josef"]
[Black "Stika, Vaclav"]
[Result "0-1"]
[WhiteElo "2176"]
[BlackElo "2150"]
[PlyCount "106"]
[EventDate "2007.??.??"]
[SourceDate "2007.05.01"]

1. Nf3 Nf6 2. g3 d5 3. Bg2 c6 4. O-O Bg4 5. d3 Nbd7 6. Nbd2 e6 7. e4 Be7 8. h3
Bh5 9. Qe1 O-O 10. e5 Ne8 11. Nh2 h6 12. Nb3 a5 13. a4 Nc5 14. Nd4 Na6 15. f4
Nb4 16. Qf2 Bg6 17. Ndf3 c5 18. Ne1 Rc8 19. Qe2 c4 20. dxc4 Rxc4 21. c3 Na6 22.
Nhf3 Nc5 23. Be3 Qd7 24. Nd4 Rxa4 25. Rxa4 Nxa4 26. f5 exf5 27. Nd3 Nc7 28. Ra1
Bh7 29. Nf4 Re8 30. Bf2 g5 31. Nd3 b5 32. Ra2 Ne6 33. Qd1 Rc8 34. Bf1 Nxd4 35.
Bxd4 Bg6 36. Qf3 Qc6 37. Qe3 Kh7 38. Qf2 b4 39. cxb4 axb4 40. Ra1 b3 41. h4 Kg8
42. e6 f6 43. Qe3 Kh7 44. hxg5 hxg5 45. Be2 Rf8 46. Rc1 Qd6 47. Bd1 Qb8 48. Ra1
Qb5 49. Nf2 Rb8 50. Kg2 Kg7 51. Be2 Qe8 52. Rh1 Nc5 53. Bc4 dxc4 0-1

[Event "MCRE_CF15"]
[Site "?"]
[Date "2007.??.??"]
[Round "1"]
[White "Koehler, Josef"]
[Black "Volf, Michal"]
[Result "1-0"]
[WhiteElo "2176"]
[BlackElo "1893"]
[PlyCount "103"]
[EventDate "2007.??.??"]
[SourceDate "2007.05.01"]

1. Nf3 Nf6 2. g3 d5 3. Bg2 c6 4. O-O Bg4 5. d3 Nbd7 6. Nbd2 e5 7. e4 Bd6 8. h3
Be6 9. Ng5 Qe7 10. Re1 O-O 11. d4 Rae8 12. f4 exf4 13. e5 Nxe5 14. dxe5 Bc5+
15. Kf1 Ng4 16. hxg4 Qxg5 17. Nb3 Be3 18. Bxe3 fxe3 19. Qd4 f6 20. Qxe3 fxe5+
21. Kg1 Qxe3+ 22. Rxe3 Bxg4 23. c4 d4 24. Ree1 h5 25. a4 g5 26. a5 Bf3 27. Nd2
Bxg2 28. Kxg2 Rf5 29. Ne4 Ref8 30. c5 g4 31. a6 bxa6 32. Rxa6 Rb8 33. Re2 Rb4
34. Nf2 e4 35. Nxe4 d3 36. Rf2 Rxf2+ 37. Nxf2 Rxb2 38. Rxa7 Rc2 39. Rd7 d2 40.
Nd1 Rxc5 41. Rxd2 Kf7 42. Ne3 Kf6 43. Kf2 Rc1 44. Rd6+ Kg5 45. Re6 Rc5 46. Re8
Kf6 47. Ke2 Rc1 48. Rf8+ Kg5 49. Rf5+ Kg6 50. Re5 Rh1 51. Ng2 Rh2 52. Kf2 1-0

[Event "MCRE_CF15"]
[Site "?"]
[Date "2007.??.??"]
[Round "1"]
[White "Nigrin, Jiri"]
[Black "Berko, Michal"]
[Result "1/2-1/2"]
[WhiteElo "2002"]
[BlackElo "2045"]
[PlyCount "63"]
[EventDate "2007.??.??"]
[SourceDate "2007.05.01"]

1. d4 Nf6 2. c4 e6 3. Nf3 d5 4. Nc3 c6 5. Bg5 dxc4 6. e4 b5 7. e5 h6 8. Bh4 g5
9. Nxg5 hxg5 10. Bxg5 Be7 11. Bxf6 Bxf6 12. exf6 Qxf6 13. Qd2 Na6 14. Be2 Bb7
15. Ne4 Qe7 16. Qf4 Qb4+ 17. Qd2 O-O-O 18. O-O-O Qxd2+ 19. Rxd2 c5 20. Ng5 Bxg2
21. Rhd1 Rh4 22. Nxf7 Rd7 23. Ne5 Rdxd4 24. a4 Rxd2 25. Rxd2 bxa4 26. Bxc4 Nc7
27. f3 Bxf3 28. Bxe6+ Nxe6 29. Nxf3 Rh3 30. Ng1 a3 31. bxa3 Rxa3 32. Kb2
1/2-1/2

[Event "MCRE_CF15"]
[Site "?"]
[Date "2007.??.??"]
[Round "1"]
[White "Nigrin, Jiri"]
[Black "Cernovsky, Karel"]
[Result "0-1"]
[WhiteElo "2002"]
[BlackElo "1600"]
[PlyCount "72"]
[EventDate "2007.??.??"]
[SourceDate "2007.05.01"]

1. d4 Nf6 2. c4 e6 3. Nf3 d5 4. Nc3 Bb4 5. Bg5 h6 6. Bxf6 Qxf6 7. Rc1 dxc4 8.
a3 Bxc3+ 9. Rxc3 b5 10. b3 a5 11. g3 Bb7 12. Bg2 c5 13. O-O O-O 14. bxc4 b4 15.
Rd3 cxd4 16. Nxd4 Bxg2 17. Kxg2 Na6 18. Nc6 Qg5 19. Qa4 Nc5 20. Qb5 Nxd3 21.
exd3 bxa3 22. Ra1 Qxb5 23. cxb5 f6 24. Rxa3 a4 25. Kf3 Rf7 26. Nb4 Rb7 27. Na6
Rxb5 28. Rxa4 g5 29. h3 Kf7 30. Ke3 f5 31. Ke2 h5 32. Kd2 Rb6 33. Nc5 Rxa4 34.
Nxa4 Rb4 35. Nc3 h4 36. gxh4 Rxh4 0-1

[Event "MCRE_CF15"]
[Site "?"]
[Date "2007.??.??"]
[Round "2"]
[White "Nigrin, Jiri"]
[Black "Koehler, Josef"]
[Result "1-0"]
[WhiteElo "2002"]
[BlackElo "2176"]
[PlyCount "133"]
[EventDate "2007.??.??"]
[SourceDate "2007.05.01"]

1. e4 c5 2. f4 d5 3. exd5 Qxd5 4. Nc3 Qd8 5. Nf3 e6 6. d4 Nf6 7. Be3 cxd4 8.
Qxd4 Bd7 9. Qd2 Bb4 10. a3 Ne4 11. Qd3 Bxc3+ 12. bxc3 Bc6 13. Qxd8+ Kxd8 14.
Bd3 Nd7 15. Nd4 Nxc3 16. Nxc6+ bxc6 17. Bd4 Nd5 18. O-O f6 19. Rae1 c5 20. Ba1
Nc7 21. Re3 Ke7 22. f5 e5 23. Rg3 Ne8 24. a4 h5 25. Bb5 a6 26. Bc6 h4 27. Rg4
Rd8 28. Bc3 Rh5 29. Ba5 Rc8 30. Be4 Rg5 31. Rxh4 Nd6 32. Bd3 c4 33. Be2 Nxf5
34. Bb4+ Nd6 35. Bg4 Rc7 36. Bd2 Rxg4 37. Rxg4 Kf7 38. Rd1 Nc5 39. Bh6 Ne8 40.
Be3 Nxa4 41. Ra1 Nc3 42. Rxa6 Nb5 43. Kf2 Ned6 44. Rh4 Rc8 45. g4 c3 46. g5 f5
47. Kf3 f4 48. Bg1 Ke6 49. Rh7 Kf7 50. Kg4 Kg6 51. Rh3 Kf7 52. Rd3 Ke6 53. Rd1
g6 54. h4 Rc7 55. Rb1 Kd5 56. Ra5 Kc6 57. Ra8 Re7 58. Ra6+ Kd7 59. Bc5 Re6 60.
Rd1 Kc7 61. Rd5 Kd7 62. h5 gxh5+ 63. Kxh5 f3 64. g6 f2 65. Bxf2 Nc7 66. Ra7 Re8
67. Bg3 1-0

[Event "MCRE_CF15"]
[Site "?"]
[Date "2007.??.??"]
[Round "2"]
[White "Nigrin, Jiri"]
[Black "Pirhala, Ladislav"]
[Result "1/2-1/2"]
[WhiteElo "2002"]
[BlackElo "2120"]
[PlyCount "83"]
[EventDate "2007.??.??"]
[SourceDate "2007.05.01"]

1. e4 c6 2. d3 d5 3. Nd2 e5 4. Ngf3 Bd6 5. Qe2 Ne7 6. g3 f6 7. Bg2 d4 8. O-O
Be6 9. Nc4 Bc7 10. c3 c5 11. Bd2 Nbc6 12. a4 O-O 13. cxd4 exd4 14. e5 fxe5 15.
Ncxe5 Nxe5 16. Nxe5 Bd5 17. Nf3 h6 18. Rac1 Qd6 19. b4 Rae8 20. bxc5 Qf6 21.
Ne1 Bxg2 22. Nxg2 Nc6 23. Qd1 Rf7 24. Ne1 Ref8 25. Qb3 g5 26. Nc2 Qf3 27. Rce1
Be5 28. Nb4 Bg7 29. Nxc6 bxc6 30. Re4 Kh7 31. Bc1 Rd8 32. Qc4 Rb8 33. Qc2 Rbb7
34. a5 a6 35. Bb2 Rb4 36. Rfe1 Rfb7 37. Ba1 Bf6 38. Re6 Kg7 39. Rd6 Be5 40. Re6
Bf6 41. Rd6 Be5 42. Re6 1/2-1/2

[Event "MCRE_CF15"]
[Site "?"]
[Date "2007.??.??"]
[Round "2"]
[White "Nigrin, Jiri"]
[Black "Stika, Vaclav"]
[Result "1-0"]
[WhiteElo "2002"]
[BlackElo "2150"]
[PlyCount "95"]
[EventDate "2007.??.??"]
[SourceDate "2007.05.01"]

1. e4 e5 2. Nf3 Nc6 3. Bb5 a6 4. Bxc6 dxc6 5. O-O f6 6. d4 Bg4 7. dxe5 Qxd1 8.
Rxd1 fxe5 9. Rd3 Bd6 10. Nbd2 b5 11. h3 Bh5 12. b4 Nf6 13. c4 c5 14. bxc5 Bxc5
15. Ba3 Bxf3 16. Bxc5 Be2 17. Re3 Bxc4 18. Nxc4 bxc4 19. Rc1 O-O-O 20. Rxc4
Rhe8 21. Rec3 Re6 22. Be3 Rd7 23. g3 Ne8 24. Kg2 Nd6 25. Ra4 Nb5 26. Rc2 Rd3
27. Rac4 Re7 28. Rc5 Ra3 29. Bg5 Re6 30. R5c4 h6 31. Be3 Kb8 32. h4 Rd3 33. a4
Nd4 34. Bxd4 Rxd4 35. Rxc7 Rxa4 36. Rxg7 Rxe4 37. Rb2+ Kc8 38. Rbb7 Rc4 39. h5
Rcc6 40. Rbf7 Re8 41. Rg6 Rce6 42. Kf3 e4+ 43. Ke3 a5 44. Ra7 Kb8 45. Rxe6 Rxe6
46. Rxa5 Kb7 47. Ra4 Kc7 48. g4 1-0

[Event "MCRE_CF15"]
[Site "?"]
[Date "2007.??.??"]
[Round "1"]
[White "Nigrin, Jiri"]
[Black "Volf, Michal"]
[Result "1/2-1/2"]
[WhiteElo "2002"]
[BlackElo "1893"]
[PlyCount "46"]
[EventDate "2007.??.??"]
[SourceDate "2007.05.01"]

1. d4 d5 2. c4 e6 3. Nf3 Nf6 4. Nc3 c5 5. cxd5 Nxd5 6. e4 Nxc3 7. bxc3 cxd4 8.
cxd4 Nc6 9. Bc4 b5 10. Be2 Bb4+ 11. Bd2 Qa5 12. Rb1 Bxd2+ 13. Qxd2 a6 14. Rc1
Bb7 15. Qxa5 Nxa5 16. Bd3 O-O 17. Kd2 f5 18. Rhe1 Rad8 19. Rc7 e5 20. h4 Rfe8
21. h5 exd4 22. exf5 Rxe1 23. Kxe1 Bxf3 1/2-1/2

[Event "MCRE_CF15"]
[Site "?"]
[Date "2007.??.??"]
[Round "1"]
[White "Pirhala, Ladislav"]
[Black "Berko, Michal"]
[Result "1-0"]
[WhiteElo "2120"]
[BlackElo "2045"]
[PlyCount "111"]
[EventDate "2007.??.??"]
[SourceDate "2007.05.01"]

1. e4 e5 2. Nf3 Nf6 3. Nxe5 d6 4. Nf3 Nxe4 5. d4 d5 6. Bd3 Nc6 7. O-O Be7 8. c4
Nf6 9. Nc3 dxc4 10. Bxc4 O-O 11. Re1 Bg4 12. d5 Na5 13. Be2 Bb4 14. Qa4 Bxc3
15. bxc3 Qxd5 16. Be3 Nc6 17. h3 Be6 18. Rab1 Rfb8 19. c4 Qa5 20. Qxa5 Nxa5 21.
Rec1 Nc6 22. Bf4 Ne8 23. Rb2 h6 24. a3 g5 25. Be3 Nd6 26. Nd4 Nxd4 27. Bxd4 Rd8
28. Be5 b6 29. c5 Ne8 30. Kh2 Rd7 31. Bb5 Re7 32. f4 f6 33. Bc6 Rd8 34. Bc3
gxf4 35. Bb4 a5 36. Rd2 Rb8 37. Bc3 bxc5 38. Bxa5 c4 39. Rf2 Nd6 40. Rxf4 Rb3
41. Re1 Kf7 42. Bb4 f5 43. Rh4 Kg6 44. Bf3 c3 45. Rc1 Rd7 46. Rxc3 Rxc3 47.
Bxc3 c5 48. a4 Nf7 49. a5 Ra7 50. Bh5+ Kh7 51. Ra4 Ng5 52. a6 Bb3 53. Ra1 Ne4
54. Be5 Bc4 55. Rb1 Bxa6 56. Rb8 1-0

[Event "MCRE_CF15"]
[Site "?"]
[Date "2007.??.??"]
[Round "1"]
[White "Pirhala, Ladislav"]
[Black "Cernovsky, Karel"]
[Result "1/2-1/2"]
[WhiteElo "2120"]
[BlackElo "1600"]
[PlyCount "97"]
[EventDate "2007.??.??"]
[SourceDate "2007.05.01"]

1. e4 e5 2. Nf3 Nc6 3. Bb5 a6 4. Ba4 Nf6 5. O-O Be7 6. Re1 b5 7. Bb3 d6 8. c3
O-O 9. h3 Na5 10. Bc2 c5 11. d3 Bb7 12. Nbd2 Re8 13. Nf1 Bf8 14. Ng3 d5 15.
exd5 Qxd5 16. Bg5 Qd6 17. Nf5 Qc6 18. Ng3 Nd5 19. Bd2 Qc7 20. a3 c4 21. d4 exd4
22. Nxd4 Rxe1+ 23. Qxe1 g6 24. Rd1 Qd7 25. Qe2 Nc6 26. Nxc6 Bxc6 27. Qg4 Qxg4
28. hxg4 Re8 29. Be4 f6 30. Bf3 Kf7 31. Kf1 Re6 32. g5 Ne7 33. Bxc6 Nxc6 34.
gxf6 h6 35. f3 Ne5 36. Ra1 Kxf6 37. Ne4+ Kf7 38. a4 Nd3 39. axb5 axb5 40. Ra5
Re5 41. Ra7+ Re7 42. Ra2 g5 43. Nd6+ Ke6 44. Ra6 Nc5 45. Rb6 Na4 46. Ra6 Nc5
47. Rb6 Na4 48. Ra6 Nc5 49. Rb6 1/2-1/2